| 000 | 01611cam a2200397 a 4500 | ||
|---|---|---|---|
| 001 | 12376969 | ||
| 003 | OSt | ||
| 005 | 20200626135628.0 | ||
| 008 | 000818r19961940ii ab bf s001 0 eng | ||
| 010 | _a 00372021 | ||
| 020 | _a8185499233 (v. 1) | ||
| 020 | _a8185499241 (v. 2) | ||
| 025 | _aI-E-00-372021; 61-24; 65-24 | ||
| 035 | _a(DLC) 00372021 | ||
| 037 |
_bLibrary of Congress -- New Delhi Field Office _cRs925.00 (set) |
||
| 040 |
_aDLC _coclc _dDLC |
||
| 042 | _alcode | ||
| 043 | _aa-ii--- | ||
| 050 | 0 | 0 |
_aDS485.T7 _bT72 1996 |
| 082 | 0 | 0 |
_a954.83 _221 _bPIL/T |
| 100 |
_91754 _aPillai, Sadasyatilaka T K Velu |
||
| 110 | 2 | _aTravancore (Princely State) | |
| 245 | 1 | 4 |
_aThe Travancore state manual / _cSadasyatilaka T K Velu Pillai |
| 260 |
_a[Thiruvananthapuram : _bGovt. of Kerala, Kerala Gazetteers Dept.], _c1996. |
||
| 300 |
_a930p _bill., folded maps (some col.) ; _c22 cm. |
||
| 500 | _aOriginally published: Trivandrum : Govt. of Travancore, 1940. | ||
| 500 | _a"Reprinted with a biographical sketches and a portrait of Sri T.K. Velu Pillai by S. Raimon." | ||
| 504 | _aIncludes bibliographical references and index. | ||
| 505 | 0 | _av. 1. General feature -- v. 2. History -- v. 3. Economic affairs -- v. 4. Administration. | |
| 651 | 0 |
_aKerala (India) _vHandbooks, manuals, etc. |
|
| 700 | 1 |
_aVelu Pillai, T. K., _d1882-1950. |
|
| 710 | 2 |
_aKerala (India). _bKerala Gazetteers Department. |
|
| 906 |
_a7 _bcbc _corigode _d3 _encip _f20 _gy-gencatlg |
||
| 942 |
_2ddc _cBK _h954.83 _iPIL/T _k954.83 _mPIL/T |
||
| 999 |
_c34869 _d34869 |
||